Polyfunkčný bytový dom, Praga-Poludnie, Varšava, Poľsko

Na minha lista:
Detalhes bibliográficos
Autor principal: Hronský, Adam (Author)
Outros Autores: Ruhig, Roman (Thesis advisor)
Formato: Manuscrito Livro
Idioma:eslovaco
Publicado em: 2022
Assuntos:
Acesso em linha:http://is.stuba.sk/zp/portal_zp.pl?podrobnosti=149817
https://opac.crzp.sk/?fn=detailBiblioForm&sid=EC9507141B5FF6F04103CEC822A1
Tags: Adicionar Tag
Sem tags, seja o primeiro a adicionar uma tag!

MARC

LEADER 00000ntm a22000003a 4500
001 stuzp88970
003 SK-STU
005 20230503140311.7
007 ta
008 150427s2015----xo-----f-mn---000-0-slo-d
040 |a STU  |b slo 
041 0 |a slo 
100 1 |a Hronský, Adam  |u 010310  |4 aut  |U SvF Stavebná fakulta  |T SvF Katedra architektúry  |X 98193  |U V181|V310  |Y 19  |7 98193 
242 0 1 |a Multifunctional apartment building, Praga-Poludnie, Warsaw, Poland  |y eng 
245 1 0 |a Polyfunkčný bytový dom, Praga-Poludnie, Varšava, Poľsko 
260 |c 2022 
650 4 |a Varšava  |2 slo 
650 4 |a študentské bývanie  |2 slo 
650 4 |a polyfunkčný bytový dom  |2 slo 
650 4 |a residentialhousing  |2 eng 
650 4 |a socialhousing  |2 eng 
650 4 |a studenthousing  |2 eng 
650 4 |a Warsaw  |2 eng 
700 1 |a Ruhig, Roman  |u 010310  |k Z1  |4 ths  |U SvF Stavebná fakulta  |T SvF Katedra architektúry  |X 7452  |U V181|V310  |Y 19  |7 A000007452 
856 4 |u http://is.stuba.sk/zp/portal_zp.pl?podrobnosti=149817 
856 4 |u https://opac.crzp.sk/?fn=detailBiblioForm&sid=EC9507141B5FF6F04103CEC822A1